Mohini Attam: (Record no. 191410)

MARC details
000 -LEADER
fixed length control field 00557nam a22001817a 4500
005 - DATE AND TIME OF LATEST TRANSACTION
control field 20220825153553.0
010 ## - LCCN (DPL NO)
LC control number ENG-134689
020 ## - INTERNATIONAL STANDARD BOOK NUMBER
Terms of availability 1050.00
035 ## - SYSTEM CONTROL NUMBER
System control number EN-118221
037 ## - SOURCE OF ACQUISITION
Source of stock number/acquisition DBAD/PUB
082 ## - DEWEY DECIMAL CLASSIFICATION NUMBER
Classification number 793.3195433
100 ## - MAIN ENTRY--PERSONAL NAME
Personal name Rele, Kanak
245 ## - TITLE STATEMENT
Title Mohini Attam:
Remainder of title The Lyrical Dance/
Statement of responsibility, etc Kanak Rele
260 ## - PUBLICATION, DISTRIBUTION, ETC. (IMPRINT)
Place of publication, distribution, etc Mumbai
Name of publisher, distributor, etc Nalanda Dance Research Centre
Date of publication, distribution, etc 2013
270 ## - ADDRESS
Address Plot A-7/1, N.S. Road, No. 10 J.V.P.D. Scheme, Vile Parle
City Mumbai
Postal code 400049
300 ## - PHYSICAL DESCRIPTION
Extent viii, 378p.
Dimensions 26cm(hb)
942 ## - ADDED ENTRY ELEMENTS (KOHA)
Source of classification or shelving scheme Dewey Decimal Classification
Item type English Books
Classification part 793.3195433
Call number suffix REL
Holdings
Withdrawn status Lost status Not for loan Collection code Home library Current library Date acquired Source of acquisition Cost, normal purchase price Full call number Barcode Copy number Cost, replacement price Koha item type
      Non-fiction Bawana Bawana 25/08/2022 DBAD/PUB 1050.00 793.3195433 REL EN-118221 1 1050.00 English Books

© Delhi Public Library
Hit Counter
free hit counter